|
|
|
|
| LEADER |
00885nam a2200241 a 4500 |
| 001 |
1465416 |
| 008 |
090823s1998 ii a b 001 0 eng d |
| 010 |
|
|
|a 86120324
|
| 020 |
|
|
|a 812031266X
|
| 020 |
|
|
|a 0135015030 (pbk.) :
|c Rs. 25.00
|
| 040 |
|
|
|a DLC
|c DLC
|d DLC
|
| 082 |
0 |
0 |
|a 519.4
|2 19
|
| 100 |
1 |
|
|a Sastry, S. S.
|
| 245 |
1 |
0 |
|a Introductory methods of numerical analysis /
|c S.S. Sastry.
|
| 250 |
|
|
|a 3rd ed.
|
| 260 |
|
|
|a New Delhi :
|b Prentice-Hall of India,
|c 1998.
|
| 300 |
|
|
|a xvi, 380 p. :
|b ill. ;
|c 23 cm.
|
| 504 |
|
|
|a Includes index.
|
| 541 |
1 |
|
|e 00011817
|
| 650 |
|
0 |
|a Numerical analysis.
|
| 852 |
4 |
|
|a Ayesha Abed Library
|j General shelf
|
| 999 |
|
|
|c 3331
|d 3331
|
| 952 |
|
|
|0 0
|1 0
|2 ddc
|4 0
|6 519_400000000000000_SAS
|7 0
|9 3022
|a BRACUL
|b BRACUL
|c GEN
|d 2009-08-31
|g 0.00
|l 18
|m 113
|o 519.4 SAS
|p 3010011817
|r 2025-10-21
|s 2025-08-14
|t 1
|w 2009-08-31
|y BK
|x No price found in the accession register.
|